Менеджмент: учебник

Dades bibliogràfiques
Autor corporatiu: Государственный университет управления (ГУУ)
Altres autors: Разу М. Л. (редактор)
Sumari:В учебнике подробно рассматриваются современная концепция менеджмента, сущность и содержание управления, дается представление о системе управления организацией, выделяются принципы управления, его цели, задачи и функции. На основе ретроспективного анализа развития теории и практики менеджмента рассматриваются типы организационных структур управления, система используемых методов и моделей управления, основные процессы управления организацией. Современная парадигма менеджмента организаций раскрывается через проектное управление, использование сетевых графиков, моделей и матриц РАЗУ,Для студентов вузов специальности «Менеджмент организации», менеджеров и специалистов управления современных организаций, а также всех, интересующихся проблемами управления.
Idioma:rus
Publicat: Москва, КноРус, 2009
Edició:2-е изд., стер.
Matèries:
Format: MixedMaterials Llibre
KOHA link:https://koha.lib.tpu.ru/cgi-bin/koha/opac-detail.pl?biblionumber=170179

MARC

LEADER 00000nam0a2200000 4500
001 170179
005 20231101222855.0
010 |a 9785390004357 
035 |a (RuTPU)RU\TPU\book\184560 
035 |a RU\TPU\book\147050 
090 |a 170179 
100 |a 20080414d2009 m y0rusy50 ca 
101 0 |a rus 
102 |a RU 
105 |a a j 001zy 
200 1 |a Менеджмент  |e учебник  |f Государственный университет управления (ГУУ) ; под ред. М. Л. Разу 
205 |a 2-е изд., стер. 
210 |a Москва  |c КноРус  |d 2009 
215 |a 472 с.  |c ил. 
320 |a Список литературы: с. 471-472. 
330 |a В учебнике подробно рассматриваются современная концепция менеджмента, сущность и содержание управления, дается представление о системе управления организацией, выделяются принципы управления, его цели, задачи и функции. На основе ретроспективного анализа развития теории и практики менеджмента рассматриваются типы организационных структур управления, система используемых методов и моделей управления, основные процессы управления организацией. Современная парадигма менеджмента организаций раскрывается через проектное управление, использование сетевых графиков, моделей и матриц РАЗУ,Для студентов вузов специальности «Менеджмент организации», менеджеров и специалистов управления современных организаций, а также всех, интересующихся проблемами управления. 
451 1 |0 (RuTPU)RU\TPU\book\147050  |y 978-5-85971-842-9  |t Менеджмент  |o учебник  |f Государственный университет управления (ГУУ) ; под ред. М. Л. Разу  |c М.  |n КноРус  |d 2008  |p 472 с. 
606 1 |a Менеджмент  |2 stltpush  |3 (RuTPU)RU\TPU\subj\42098  |9 61850 
610 1 |a экономика 
610 1 |a управление 
610 1 |a менеджмент 
610 1 |a история 
610 1 |a матрицы 
610 1 |a сетевые графики 
610 1 |a принятие решений 
610 1 |a психология 
610 1 |a персонал 
610 1 |a имидж 
610 1 |a корпоративная культура 
610 1 |a проектный менеджмент 
610 1 |a информационный менеджмент 
610 1 |a интеллектуальный менеджмент 
610 1 |a эффективность 
610 1 |a учебники 
686 |a У9(2)212я73  |v LBC/SL-A  |2 rubbk 
702 1 |a Разу  |b М. Л.  |4 340 
712 0 2 |a Государственный университет управления (ГУУ)  |c (Москва)  |c (1998- )  |2 stltpush  |3 (RuTPU)RU\TPU\col\23 
801 1 |a RU  |b 63413507  |c 20091120 
801 2 |a RU  |b 63413507  |c 20100531  |g RCR 
900 |a Менеджмент 
942 |c BK 
951 |b 080507 
959 |a 116/20091120  |d 1  |e 250,00  |f ЧЗГЛ:1